000 00660nam a2200205 a 4500
020 _a0004330145 (pbk.) :
_c£2.95
082 0 0 _a423/.1
245 0 4 _aThe Collins paperback thesaurus in A-to-Z form /
_cmanaging editor, William T. McLeod.
260 _aLondon :
_bCollins,
_c1990.
300 _aviii, 712 p. ;
_c20 cm.
563 _aPB
650 0 _aEnglish language
650 0 _969215
700 1 _aMcLeod, W. T.
_9123820
942 _2ddc
_cREF
999 _c609888
_d609888